000 01007nam a22003017a 4500
001 BR8702157
003 BR-BrBNA
005 20230928092440.0
007 ta
008 230509b bl.||||| |||| 00| 0 por d
040 _aBR-BrBNA
_bpor
_cBiblioteca Nacional de Agricultura
041 _a(Por)
072 _aF01; L01; E14
_b/G514
090 _ F01 BR8702157
100 1 _aMachado, R.R.
110 1 _aEmpresa de Assistencia Tecnica e Extensao Rural do Estado de Minas Gerais, Belo Horizonte (Brasil)
245 1 _aA atuacao da EMATER-MG na expansao e modernizacao da agricultura de Carmo do Paranaiba [Empresa de Assistencia Tecnica e Extensao Rural do Estado de Minas Gerais]
260 3 _aBelo Horizonte, MG (Brasil):
_c1979.
300 _a30 p.
650 _aPRODUTO AGRICOLA
650 _aPRATICA CULTURAL
650 _aGADO LEITEIRO
650 _aGADO DE CORTE
650 _aDESENVOLVIMENTO ECONOMICO
650 _aMINAS GERAIS
909 _a202309
_bLucia
_c55
_dLucia Elande
942 _cBK
999 _c39120
_d39120